Jahan Pyar Milay / (Record no. 45251)
[ view plain ]
| 000 -LEADER | |
|---|---|
| fixed length control field | 01328njm a22003137a 4500 |
| 005 - DATE AND TIME OF LATEST TRANSACTION | |
| control field | 20100910160550.0 |
| 006 - FIXED-LENGTH DATA ELEMENTS--ADDITIONAL MATERIAL CHARACTERISTICS--GENERAL INFORMATION | |
| fixed length control field | a|||||r|||||00| 0 |
| 007 - PHYSICAL DESCRIPTION FIXED FIELD--GENERAL INFORMATION | |
| fixed length control field | sd ammalaaahaa |
| 008 - FIXED-LENGTH DATA ELEMENTS--GENERAL INFORMATION | |
| fixed length control field | 100910t xxu||||| |||| 00| 0 eng d |
| 028 ## - PUBLISHER NUMBER | |
| Publisher number | 45-AE 1502 |
| Source | Angel Records |
| 035 ## - SYSTEM CONTROL NUMBER | |
| System control number | GR-01974 |
| 040 ## - CATALOGING SOURCE | |
| Original cataloging agency | SED |
| Transcribing agency | SED |
| 100 ## - MAIN ENTRY--PERSONAL NAME | |
| Personal name | Mangeshkar, Lata |
| 9 (RLIN) | 19365 |
| 245 ## - TITLE STATEMENT | |
| Title | Jahan Pyar Milay / |
| Statement of responsibility, etc | sang by Lata Mangeshkar; Music by Shankar Jai Kishan; Lyric by Farux Kaiser |
| Medium | [sound recording] : |
| 246 ## - VARYING FORM OF TITLE | |
| Title proper/short title | जहाँ प्यार मिले / लता मंगेशकर |
| 260 ## - PUBLICATION, DISTRIBUTION, ETC. (IMPRINT) | |
| Place of publication, distribution, etc | Dum Dum, India : |
| Date of publication, distribution, etc | 1970 |
| 300 ## - PHYSICAL DESCRIPTION | |
| Extent | 1 sound disc [Gramophone Recording] : |
| Other physical details | analog, 33 1/3 rpm ; |
| Dimensions | 7 in. (LP) |
| Type of unit | Gramaphone Records |
| 500 ## - GENERAL NOTE | |
| General note | Brief record. |
| 505 ## - FORMATTED CONTENTS NOTE | |
| Formatted contents note | Side1 नस नस में अगन (Nas Nas Men Agan) Lata Mangeshkar, Side 2 ऐ जन इ बहारां (Ae Jan-E-Baharan) Mohd. Rafi |
| 650 ## - SUBJECT ADDED ENTRY--TOPICAL TERM | |
| Source of heading or term | Excerpts. |
| Topical term or geographic name as entry element | Motion Picture Music |
| Topical term following geographic name as entry element | India |
| 9 (RLIN) | 19366 |
| 700 ## - ADDED ENTRY--PERSONAL NAME | |
| Personal name | Kishan Shankar, Jai |
| 9 (RLIN) | 19421 |
| 700 ## - ADDED ENTRY--PERSONAL NAME | |
| Personal name | Kaiser, Farux |
| 9 (RLIN) | 19587 |
| 700 ## - ADDED ENTRY--PERSONAL NAME | |
| Personal name | Sher, Shamsher Singh |
| 9 (RLIN) | 19579 |
| 700 ## - ADDED ENTRY--PERSONAL NAME | |
| Personal name | Sinha ,Sumitra Kumari |
| 9 (RLIN) | 19538 |
| 700 ## - ADDED ENTRY--PERSONAL NAME | |
| Personal name | Gulam Mohammad |
| 9 (RLIN) | 19422 |
| 700 ## - ADDED ENTRY--PERSONAL NAME | |
| Personal name | Shakeel Badayuni |
| 9 (RLIN) | 19423 |
| 942 ## - ADDED ENTRY ELEMENTS (KOHA) | |
| Source of classification or shelving scheme | Dewey Decimal Classification |
| Item type | Gramaphone Records |
| Withdrawn status | Lost status | Source of classification or shelving scheme | Damaged status | Not for loan | Collection code | Home library | Current library | Date acquired | Source of acquisition | Total Checkouts | Barcode | Date last seen | Copy number | Price effective from | Koha item type |
|---|---|---|---|---|---|---|---|---|---|---|---|---|---|---|---|
| Dewey Decimal Classification | Not For Loan | Non-fiction | Central Library | Central Library | 10/09/2010 | SED/VEN | GR-01974 | 10/09/2010 | 1 | 10/09/2010 | Gramaphone Records |
